Geography Quiz

Random Geography or City Quiz

Largest Police Departments (US) Quiz Stats

 Plays Quiz Updated Oct 23, 2020

Support Sporcle.
Go Orange.
Score 0/10 Timer 03:00
0 Plays Today
Rank Police Department % Correct
1.New York City Police Department
99.7%
3.Los Angeles Police Department
98.3%
2.Chicago Police Department
94.5%
5.Houston Police Department
84.9%
4.Philadelphia Police Department
75.7%
9.Detroit Police Department
74.9%
6.Washington D.C. Police Department
73.9%
7.Phoenix Police Department
62.4%
8.Baltimore Police Department
55%
10Las Vegas Metropolitan Police Department
48.3%

You're not logged in!

Compare scores with friends on all Sporcle quizzes.
OR
Log In
Forgot?

From the Vault

The Struggle Is Real - Oscars

by tim_parr

Movies 6m
Yeah they may have struggled, but an Oscar makes it worth it.
Remove Ads.
Support Sporcle.
Get the best of Sporcle when you Go Orange. This ad-free experience offers more features, more stats, and more fun while also helping to support Sporcle. Thank you for becoming a member.

Show Comments

Extras

Top Quizzes Today


Score Distribution

Your Account Isn't Verified!

In order to create a playlist on Sporcle, you need to verify the email address you used during registration. Go to your Sporcle Settings to finish the process.

Report this User

Report this user for behavior that violates our Community Guidelines.

Details: